កូនខ្លាឃ្មុំអូឡាឡាដឺងខុសហើយ! : (Record no. 8528)

MARC details
000 -LEADER
fixed length control field 03321nam a22002897a 4500
001 - CONTROL NUMBER
control field 8528
003 - CONTROL NUMBER IDENTIFIER
control field FISKH
005 - DATE AND TIME OF LATEST TRANSACTION
control field 20250918105009.0
008 - FIXED-LENGTH DATA ELEMENTS--GENERAL INFORMATION
fixed length control field 250917b cb ||||| |||| 00| 0 eng d
020 ## - INTERNATIONAL STANDARD BOOK NUMBER
International Standard Book Number 9789996388040
040 ## - CATALOGING SOURCE
Original cataloging agency FISKH
Language of cataloging khr
Transcribing agency FISKH
Modifying agency FISKH
050 ## - LIBRARY OF CONGRESS CALL NUMBER
Classification number PZ7
100 ## - MAIN ENTRY--PERSONAL NAME
Personal name Socheata, Soth
245 ## - TITLE STATEMENT
Title កូនខ្លាឃ្មុំអូឡាឡាដឺងខុសហើយ! :
Remainder of title Little bear Oh La La realizes his mistakes ! /
Statement of responsibility, etc. និពន្ធដោយ អ្នកស្រី សុត សុជាតា​
260 ## - PUBLICATION, DISTRIBUTION, ETC.
Place of publication, distribution, etc. Phnom Penh :
Name of publisher, distributor, etc. Glory Printing House ,
Date of publication, distribution, etc. 2014.
300 ## - PHYSICAL DESCRIPTION
Extent 31 pages :
Other physical details color illustrations ;
Dimensions 26 cm .
505 ## - FORMATTED CONTENTS NOTE
Formatted contents note J <br/><br/>
520 ## - SUMMARY, ETC.
Summary, etc. កូនខ្លាឃ្មុំអូឡាឡាជាកូនពៅរបស់ស្តេចខ្លាឃ្មុំឈ្មោះឧត្តម ។​ អូឡាឡាគិតតែផឹកសុីលេងល្បែងសុីសង ។ ថ្ងៃមួយអូឡាឡាមានគំនិតចង់អោយបិតាចែកទ្រព្យសម្បត្តិខ្លះដើម្បីទៅរកសុីចិញ្ចឺមជីវិត ។​ បិតាក៏យល់ព្រម ។ អូឡាឡាក៏បានយកទ្រព្យសម្បត្តិទៅដើរលេង សុីចាយដល់អស់ពីខ្លួន រហូតដល់ថ្នាក់ទៅសុីឈ្នួលគេដើម្បីចិញ្ចឹមក្រពះ ។​ ដោយសារតែទ្រាំនឹងការហត់នឿយមិនបានវាក៏បានឈប់ធ្វើការ ។ ក្រោយមកវាត្រូវបានខ្លាចាប់ឃុំ ដើម្បីធ្វើជាចំណី ។​ វាមានការភិតភ័យជាខ្លាំង សំណាងល្អបិតាវាក៏បានមកជួយ ហើយវាក៏បានសុំទោសបិតា ហើយសន្យាថានឹងធ្វើខ្លួនអោយល្អ ។​បកជាអង់គ្លេស​
520 ## - SUMMARY, ETC.
Summary, etc. Ohlala the bear cub was the youngest son of King Bear named Utdom. Ohlala only thought about eating, drinking, and playing gambling games. One day, he came up with the idea of asking his father to divide some of the family’s wealth so he could go off and live his own life. His father agreed.<br/><br/>Ohlala then took the wealth and went out enjoying himself, spending everything he had until he was completely broke. Eventually, he had to work for others just to feed himself. Because he couldn't bear the exhaustion of hard work, he stopped working.<br/><br/>Later, he was captured by a tiger to be eaten. He was extremely terrified. Luckily, his father came to rescue him. Ohlala apologized to his father and promised to become a better bear from then on.
521 8# - TARGET AUDIENCE NOTE
Target audience note 500 <br/>
Source Lexile estimate <br/>
521 8# - TARGET AUDIENCE NOTE
Target audience note J <br/>
Source Raz-Plus <br/>
650 ## - SUBJECT ADDED ENTRY--TOPICAL TERM
Topical term or geographic name entry element កូនខ្លាឃ្មុំ អូឡាឡាដឹងខុសហើយ
Form subdivision រឿងនិទានកុមារ
650 ## - SUBJECT ADDED ENTRY--TOPICAL TERM
Topical term or geographic name entry element Little bear Oh La La realizes his mistakes !
Form subdivision Children's stories
700 ## - ADDED ENTRY--PERSONAL NAME
Personal name Bunthon, Theak
Relator term Illustrator
942 ## - ADDED ENTRY ELEMENTS (KOHA)
Source of classification or shelving scheme Dewey Decimal Classification
Koha item type Books
Suppress in OPAC No
Holdings
Withdrawn status Lost status Source of classification or shelving scheme Damaged status Not for loan Collection Home library Current library Shelving location Date acquired Total Checkouts Full call number Barcode Date last seen Copy number Price effective from Koha item type
    Dewey Decimal Classification     Khmer-English Bilingual / ភាសាខ្មែរ-អង់គ្លេស Footprints International School Library Network Toul Tom Poung Campus Footprints International School Library Network Toul Tom Poung Campus TTP Primary Khmer Bookshelves 09/17/2025   SOC PZ7 FIS05135 09/17/2025 1 09/17/2025 Books
    Dewey Decimal Classification     Khmer-English Bilingual / ភាសាខ្មែរ-អង់គ្លេស Footprints International School Library Network Toul Tom Poung Campus Footprints International School Library Network Toul Tom Poung Campus TTP Primary Khmer Bookshelves 09/17/2025   SOC PZ7 FIS04520 09/17/2025 2 09/17/2025 Books
    Dewey Decimal Classification     Khmer-English Bilingual / ភាសាខ្មែរ-អង់គ្លេស Footprints International School Library Network Toul Tom Poung Campus Footprints International School Library Network Toul Tom Poung Campus TTP Primary Khmer Bookshelves 11/11/2025   SOC PZ7 FIS05136 11/11/2025 3 11/11/2025 Books